Library Banner

The Islamic revolution in Iran (Record no. 82548)

MARC details
000 -LEADER
fixed length control field 00334nam a22001337a 4500
005 - DATE AND TIME OF LATEST TRANSACTION
control field 20160202161834.0
008 - FIXED-LENGTH DATA ELEMENTS--GENERAL INFORMATION
fixed length control field 160202b xxu||||| |||| 00| 0 eng d
040 ## - CATALOGING SOURCE
Transcribing agency PK-LaUMT
082 ## - DEWEY DECIMAL CLASSIFICATION NUMBER
Classification number AMC 955.0541824
Item number ISL-
245 ## - TITLE STATEMENT
Title The Islamic revolution in Iran
Statement of responsibility, etc Eqbal ahmad(Edit
260 ## - PUBLICATION, DISTRIBUTION, ETC. (IMPRINT)
Place of publication, distribution, etc [ ]
Name of publisher, distributor, etc [ ]
Date of publication, distribution, etc [ ]
300 ## - PHYSICAL DESCRIPTION
Extent [ ]
942 ## - ADDED ENTRY ELEMENTS (KOHA)
Koha item type Books
Holdings
Withdrawn status Lost status Damaged status Home library Current library Date acquired Full call number Barcode Date last seen Price effective from Koha item type
      UMT Main Campus UMT Main Campus 2016-02-02 AMC 955.0541824 ISL- 85807 2016-02-02 2016-02-02 Books